[Event "38th ECC Open 2023"]
[Site "Durres ALB"]
[Date "2023.10.05"]
[Round "5.9"]
[Board "2"]
[White "Pantzar, Milton"]
[Black "Kobo, Ori"]
[Result "0-1"]
[WhiteTitle "IM"]
[BlackTitle "GM"]
[WhiteElo "2453"]
[BlackElo "2551"]
[WhiteTeam "Lunds ASK"]
[BlackTeam "Beer Sheva Chess Club"]
[WhiteFideId "1721003"]
[BlackFideId "2812320"]
[EventDate "2023.10.01"]

1. d4 Nf6 2. Nf3 g6 3. g3 Bg7 4. Bg2 d6 5. O-O O-O 6. Re1 Nbd7 7. e4 e5 8. Nc3
c6 9. a4 Qc7 10. h3 b6 11. Be3 a6 12. Qd2 Bb7 13. Bh6 b5 14. Bxg7 Kxg7 15. axb5
cxb5 16. Nd5 Nxd5 17. exd5 Rae8 18. dxe5 dxe5 19. b3 Qc5 20. c4 bxc4 21. bxc4
Qxc4 22. Qb2 Qb5 23. Qxb5 axb5 24. Ra7 Rb8 25. Nxe5 Nxe5 26. Rxe5 Kf6 27. Re3
Rfd8 28. Rf3+ Kg7 29. Rf4 Rd6 30. h4 h6 31. g4 Ra6 32. Rxa6 Bxa6 33. d6 Rd8 34.
Bd5 f6 35. Re4 Rxd6 36. Re7+ Kf8 37. Rf7+ Ke8 38. Bb3 Bc8 39. Rh7 Bxg4 40. Bf7+
Kf8 41. Bxg6 Rd7 42. Rxd7 Bxd7 43. f4 Ke7 44. Kf2 Kd6 45. Ke3 Kd5 46. Kd3 Be6
47. Kc3 Kc5 48. Bh7 Bc4 0-1

[Event "38th ECC Open 2023"]
[Site "Durres ALB"]
[Date "2023.10.05"]
[Round "5.9"]
[Board "5"]
[White "Postny, Evgeny"]
[Black "Nord, Alexander"]
[Result "1-0"]
[WhiteTitle "GM"]
[BlackTitle "CM"]
[WhiteElo "2568"]
[BlackElo "2201"]
[WhiteTeam "Beer Sheva Chess Club"]
[BlackTeam "Lunds ASK"]
[WhiteFideId "2804344"]
[BlackFideId "1738135"]
[EventDate "2023.10.01"]

1. d4 d5 2. c4 c6 3. Nf3 Nf6 4. g3 dxc4 5. Bg2 g6 6. a4 Bg7 7. O-O O-O 8. Na3
Be6 9. Bf4 Bd5 10. Rc1 Na6 11. Nxc4 Nb4 12. b3 a5 13. Re1 Re8 14. Nce5 h6 15. h4
Qb6 16. Nc4 Qd8 17. Be5 Nd7 18. Bxg7 Kxg7 19. Qd2 Qc7 20. h5 Bxc4 21. Rxc4 e5
22. hxg6 fxg6 23. d5 Nb6 24. Rh4 h5 25. d6 Qd8 26. g4 N6d5 27. gxh5 Nf4 28. hxg6
Qf6 29. Rg4 Rh8 30. Nxe5 Nh3+ 31. Bxh3 Qxe5 32. Rg3 Nd5 33. e3 Rh6 34. Qd4 Qxd4
35. exd4 Rxg6 36. d7 Rxg3+ 37. fxg3 Kf8 38. Re5 Rd8 39. Kf2 b6 40. Bf5 Nf6 41.
Re6 Nxd7 42. Rd6 Ke7 43. Rxd7+ Rxd7 44. Bxd7 1-0

[Event "38th ECC Open 2023"]
[Site "Durres ALB"]
[Date "2023.10.05"]
[Round "5.9"]
[Board "6"]
[White "Petersson, Kjell"]
[Black "Huzman, Alexander"]
[Result "0-1"]
[WhiteTitle "CM"]
[BlackTitle "GM"]
[WhiteElo "2040"]
[BlackElo "2526"]
[WhiteTeam "Lunds ASK"]
[BlackTeam "Beer Sheva Chess Club"]
[WhiteFideId "1705148"]
[BlackFideId "2803828"]
[EventDate "2023.10.01"]

1. d4 Nf6 2. Bf4 d5 3. e3 c5 4. c3 Qb6 5. Qb3 c4 6. Qc2 g6 7. h3 Bf5 8. Qc1 Nc6
9. Nf3 Bg7 10. Nbd2 O-O 11. Be2 Nd7 12. e4 dxe4 13. Nxc4 Qd8 14. Nfe5 Ncxe5 15.
Nxe5 Nxe5 16. Bxe5 Bxe5 17. dxe5 Qd5 18. Qf4 Rac8 19. g4 Be6 20. f3 exf3 21.
Bxf3 Qb5 22. Rh2 Rfd8 23. h4 Rc4 24. Qg3 Rd3 25. h5 Rxg4 26. Qf2 Rxf3 27. Qxf3
Rg1+ 28. Kf2 Rxa1 29. c4 Qxb2+ 0-1

[Event "38th ECC Open 2023"]
[Site "Durres ALB"]
[Date "2023.10.05"]
[Round "5.10"]
[Board "1"]
[White "Alonso Rosell, Alvar"]
[Black "Sanal, Vahap"]
[Result "1-0"]
[WhiteTitle "GM"]
[BlackTitle "GM"]
[WhiteElo "2574"]
[BlackElo "2603"]
[WhiteTeam "Silla Chess Club"]
[BlackTeam "Gokturk Chess Sport Club"]
[WhiteFideId "2270544"]
[BlackFideId "6300545"]
[EventDate "2023.10.01"]

1. d4 d5 2. c4 e6 3. Nf3 Nf6 4. e3 Be7 5. b3 O-O 6. Bb2 b6 7. cxd5 exd5 8. Nc3
Re8 9. Be2 Bb7 10. O-O Nbd7 11. Re1 a6 12. Bf1 Bd6 13. g3 Ne4 14. Rc1 Ndf6 15.
Re2 c5 16. dxc5 bxc5 17. Nxe4 Nxe4 18. Nd2 Ng5 19. Bg2 Qd7 20. f4 Nh3+ 21. Kh1
d4 22. Nc4 Bxg2+ 23. Kxg2 Bc7 24. Rd2 g5 25. Qh5 gxf4 26. Qxc5 f3+ 27. Kxf3 Be5
28. Kg2 Bg7 29. Bxd4 Qg4 30. Nd6 Rac8 31. Qd5 Bxd4 32. Qxf7+ Kh8 33. Rxc8 Rxc8
34. Nxc8 1-0

[Event "38th ECC Open 2023"]
[Site "Durres ALB"]
[Date "2023.10.05"]
[Round "5.10"]
[Board "2"]
[White "Yilmaz, Mustafa"]
[Black "Gines Esteo, Pedro Antonio"]
[Result "1-0"]
[WhiteTitle "GM"]
[BlackTitle "GM"]
[WhiteElo "2640"]
[BlackElo "2490"]
[WhiteTeam "Gokturk Chess Sport Club"]
[BlackTeam "Silla Chess Club"]
[WhiteFideId "6302718"]
[BlackFideId "32080190"]
[EventDate "2023.10.01"]

1. d4 Nf6 2. c4 e6 3. Nc3 Bb4 4. e3 O-O 5. Bd3 c5 6. Nf3 d5 7. cxd5 cxd4 8. exd4
Nxd5 9. O-O Nc6 10. Bc2 Be7 11. Qd3 Nf6 12. a3 b6 13. Rd1 Bb7 14. Bg5 g6 15. Ne5
Nd5 16. Bh6 Nxc3 17. Qxc3 Nxe5 18. dxe5 Qc8 19. Bxf8 Qxc3 20. bxc3 Kxf8 21. c4
Rc8 22. Bb3 Rc7 23. Kf1 g5 24. Rd4 Bc6 25. Bc2 h6 26. h3 Be8 27. g3 Rc5 28. f4
Bc6 29. Ra2 Ra5 30. a4 h5 31. Be4 Be8 32. Bf3 h4 33. fxg5 Bxg5 34. gxh4 Be7 35.
Rg4 Rxe5 36. Rag2 Bf6 37. h5 Rf5 38. Ke2 Ke7 39. Rg8 Re5+ 40. Kd3 Bxa4 41. h6 b5
42. c5 Rxc5 43. h7 Rc3+ 44. Ke2 Rc2+ 45. Kf1 Rc1+ 46. Kf2 Rc2+ 47. Kg1 Rc1+ 48.
Kf2 Rc2+ 49. Kg3 Be5+ 50. Kh4 Bf6+ 51. Kh5 Rc3 52. Rf2 Rc5+ 53. Kh6 Rf5 54. Rg7
Bd4 55. h8=Q Bxf2 56. Qb8 Rf6+ 57. Kh7 Bb6 58. Bh5 1-0

[Event "38th ECC Open 2023"]
[Site "Durres ALB"]
[Date "2023.10.05"]
[Round "5.10"]
[Board "3"]
[White "Lopez Mulet, Inigo"]
[Black "Can, Emre"]
[Result "1/2-1/2"]
[WhiteTitle "IM"]
[BlackTitle "GM"]
[WhiteElo "2414"]
[BlackElo "2576"]
[WhiteTeam "Silla Chess Club"]
[BlackTeam "Gokturk Chess Sport Club"]
[WhiteFideId "22235620"]
[BlackFideId "6302181"]
[EventDate "2023.10.01"]

1. d4 Nf6 2. c4 g6 3. g3 Bg7 4. Bg2 O-O 5. Nc3 Nc6 6. Nf3 d5 7. O-O dxc4 8. e3
Bf5 9. Qa4 Bd3 10. Rd1 a6 11. Ne1 b5 12. Qa3 b4 13. Qa4 bxc3 14. Bxc6 Be2 15.
bxc3 Bxd1 16. Qxd1 Rb8 17. Ba3 Ne8 18. Nf3 Nd6 19. Qa4 Nb5 20. Bc5 Nd6 21. e4 f6
22. Qxa6 Rb2 23. Qa3 Qb8 24. Bb4 Rc2 25. Qa4 Rb2 26. Qa3 Rc2 27. Re1 Kh8 28. Qa4
Rb2 29. Qa3 Rc2 30. e5 fxe5 31. dxe5 Qb6 32. Nd4 Rcxf2 33. Bc5 Qb8 34. Ne6 Rc2
35. Nxf8 Qxf8 36. exd6 cxd6 37. Rf1 Qc8 38. Qa4 Rxc3 39. Bb6 h5 40. Be4 Kh7 41.
Qd1 Qg4 42. Qxg4 hxg4 43. Rf4 Rc1+ 44. Kg2 Ra1 45. Rxg4 Rxa2+ 46. Kh3 Ra6 47.
Rh4+ Kg8 48. Bd5+ Kf8 49. Rxc4 Bf6 50. Bd4 Ra5 51. Bxf6 Rxd5 52. Bc3 Kf7 53. Kg4
e5 54. h4 Rd3 55. Bb2 Ke6 56. Rc3 Rd2 57. Bc1 Rd1 58. Kg5 d5 59. Ba3 d4 60. Rc6+
Kd5 61. Rc5+ Ke6 62. Rc6+ Kd5 63. Rd6+ Kc4 64. g4 e4 65. Rc6+ Kb3 66. Bc5 Rc1
67. Rb6+ Kc4 68. Bxd4 Kxd4 69. Kxg6 e3 70. Rb2 Kd3 71. h5 e2 72. Rxe2 Kxe2 73.
h6 Kf3 74. g5 Kg4 75. h7 Rc6+ 76. Kg7 Kxg5 77. h8=Q Rc7+ 78. Kg8 Rc8+ 79. Kh7
Rxh8+ 80. Kxh8 1/2-1/2

[Event "38th ECC Open 2023"]
[Site "Durres ALB"]
[Date "2023.10.05"]
[Round "5.10"]
[Board "4"]
[White "Gokerkan, Cem Kaan"]
[Black "Luque Saiz, Andres"]
[Result "1-0"]
[WhiteTitle "GM"]
[BlackTitle "FM"]
[WhiteElo "2515"]
[BlackElo "2339"]
[WhiteTeam "Gokturk Chess Sport Club"]
[BlackTeam "Silla Chess Club"]
[WhiteFideId "6336760"]
[BlackFideId "24510793"]
[EventDate "2023.10.01"]

1. e4 d6 2. d4 Nf6 3. Nc3 e5 4. Nf3 Nbd7 5. g3 Be7 6. Bg2 O-O 7. O-O c6 8. a4
Re8 9. Re1 Qc7 10. h3 Nf8 11. Be3 b6 12. Qd3 Bb7 13. Qc4 h6 14. Nh4 Ne6 15. Nf5
Bf8 16. Qd3 Rad8 17. d5 cxd5 18. exd5 Nc5 19. Qd1 Na6 20. Nb5 Qd7 21. g4 Bc8 22.
Ng3 Qb7 23. c4 Bd7 24. Nc3 Qc7 25. Bf1 Nc5 26. b4 Nb7 27. Nb5 Qb8 28. Qf3 Nh7
29. Bd3 Ng5 30. Qg2 Nh7 31. Nc3 Rc8 32. Rab1 Qc7 33. Nb5 Qb8 34. h4 Be7 35. g5
hxg5 36. hxg5 g6 37. Ne4 Kg7 38. f4 Bf5 39. Nbc3 Qc7 40. Qg3 Bf8 41. Rb2 Be7 42.
Rh2 Rh8 43. fxe5 dxe5 44. Nb5 Qb8 45. d6 Bxe4 46. Qxe5+ Kg8 47. Bxe4 Nxd6 48.
Bd4 Bf6 49. gxf6 Nxe4 50. Qxb8 Rxb8 51. Rxe4 Ng5 52. Rxh8+ Kxh8 53. Rg4 1-0

[Event "38th ECC Open 2023"]
[Site "Durres ALB"]
[Date "2023.10.05"]
[Round "5.10"]
[Board "5"]
[White "Garcia Molina, Jose"]
[Black "Kilic, Eray"]
[Result "0-1"]
[WhiteTitle "FM"]
[BlackTitle "IM"]
[WhiteElo "2216"]
[BlackElo "2432"]
[WhiteTeam "Silla Chess Club"]
[BlackTeam "Gokturk Chess Sport Club"]
[WhiteFideId "32030592"]
[BlackFideId "44517173"]
[EventDate "2023.10.01"]

1. d4 Nf6 2. c4 e6 3. Nf3 d5 4. g3 Be7 5. Bg2 O-O 6. O-O a5 7. Nc3 c6 8. Qd3 b6
9. b3 Ba6 10. a4 Bb4 11. Bb2 Nbd7 12. Rfd1 Qe7 13. e3 Rac8 14. Rac1 Rfd8 15. Qb1
dxc4 16. Bf1 b5 17. bxc4 bxc4 18. Na2 c5 19. Nd2 Bxd2 20. Rxd2 Ne5 21. dxe5 Rxd2
22. Bc3 Ne4 23. Qxe4 Rxa2 24. Rb1 Qc7 25. Bg2 Ra3 26. Qc2 Rb3 27. Rd1 Rd8 0-1

[Event "38th ECC Open 2023"]
[Site "Durres ALB"]
[Date "2023.10.05"]
[Round "5.10"]
[Board "6"]
[White "Ozen, Deniz"]
[Black "Sanz Wawer, Daniel"]
[Result "1/2-1/2"]
[WhiteTitle "IM"]
[BlackTitle "FM"]
[WhiteElo "2382"]
[BlackElo "2359"]
[WhiteTeam "Gokturk Chess Sport Club"]
[BlackTeam "Silla Chess Club"]
[WhiteFideId "6349196"]
[BlackFideId "1185543"]
[EventDate "2023.10.01"]

1. e4 c6 2. d4 d5 3. Nc3 dxe4 4. Nxe4 Bf5 5. Ng3 Bg6 6. h4 h6 7. Nf3 Nd7 8. h5
Bh7 9. Bd3 Bxd3 10. Qxd3 Ngf6 11. Bd2 e6 12. O-O-O Be7 13. Ne4 Nxe4 14. Qxe4 Nf6
15. Qe2 O-O 16. Kb1 Qd5 17. c4 Qe4+ 18. Qxe4 Nxe4 19. Be3 Rfd8 20. Nd2 Nd6 21.
Bf4 b5 22. c5 Nf5 23. Nf3 Bf6 24. Be5 Rd5 25. g4 Ne7 26. Bd6 Nc8 27. Be5 Ne7 28.
Bd6 Nc8 29. Be5 Ne7 30. Bd6 Nc8 1/2-1/2

[Event "38th ECC Open 2023"]
[Site "Durres ALB"]
[Date "2023.10.05"]
[Round "5.11"]
[Board "1"]
[White "Haria, Ravi"]
[Black "Rodshtein, Maxim"]
[Result "0-1"]
[WhiteTitle "GM"]
[BlackTitle "GM"]
[WhiteElo "2522"]
[BlackElo "2584"]
[WhiteTeam "Wood Green"]
[BlackTeam "Rishon Lezion A"]
[WhiteFideId "415820"]
[BlackFideId "2806851"]
[EventDate "2023.10.01"]

1. e4 e5 2. Nf3 Nc6 3. Bc4 Bc5 4. c3 Nf6 5. d3 d6 6. O-O a5 7. Re1 O-O 8. h3 Ba7
9. Na3 Ne7 10. Bg5 Ng6 11. Nh4 c6 12. Nxg6 hxg6 13. Qf3 Qe7 14. Bb3 b5 15. Rad1
a4 16. Bc2 Be6 17. Bb1 Rab8 18. Nc2 c5 19. d4 cxd4 20. cxd4 b4 21. d5 Bd7 22.
Ne3 b3 23. a3 Rfc8 24. Bd3 Bd4 25. Re2 Rc5 26. Nf1 Qd8 27. Nh2 Rbc8 28. g4 Bb5
29. Bxb5 Rxb5 30. Qd3 Rbc5 31. Nf3 Rc4 32. Nxd4 Rxd4 33. Qb1 Qb6 34. Be3 Qb5 35.
Rde1 Rxe4 36. g5 Rxe3 37. Rxe3 Nxd5 38. Qd3 Qc6 39. Re4 Nf4 40. Qe3 Qd7 41. Rd1
Qf5 42. Rxd6 Nxh3+ 43. Kg2 Nf4+ 0-1

[Event "38th ECC Open 2023"]
[Site "Durres ALB"]
[Date "2023.10.05"]
[Round "5.11"]
[Board "2"]
[White "Zanan, Evgeny"]
[Black "Wadsworth, Matthew J"]
[Result "1/2-1/2"]
[WhiteTitle "GM"]
[BlackTitle "IM"]
[WhiteElo "2465"]
[BlackElo "2446"]
[WhiteTeam "Rishon Lezion A"]
[BlackTeam "Wood Green"]
[WhiteFideId "24101940"]
[BlackFideId "415804"]
[EventDate "2023.10.01"]

1. d4 d5 2. c4 c6 3. Nf3 Nf6 4. e3 Bf5 5. Nc3 e6 6. Nh4 Be4 7. f3 Bg6 8. Qb3 Qb6
9. c5 Qc7 10. g3 Nbd7 11. Bd2 Be7 12. Nxg6 hxg6 13. f4 Nh5 14. Bg2 f5 15. Qc2
Ndf6 16. Bf3 Ne4 17. g4 Bh4+ 18. Ke2 Nhf6 19. g5 Bxg5 20. Bxe4 fxe4 21. Rag1 Bh4
22. Rxg6 Qf7 23. Rhg1 Rh6 24. Rxh6 gxh6 25. Qd1 O-O-O 26. Be1 Bxe1 27. Kxe1 Rg8
28. Kd2 Rg6 29. h3 Qg7 30. Ne2 Nh5 31. Rxg6 Qxg6 32. Qe1 Kd7 33. Qh4 Ke8 34. Ke1
Ng7 35. Ng3 Nf5 36. Nxf5 Qg1+ 37. Ke2 exf5 38. Qxh6 Qg2+ 39. Ke1 Qg1+ 40. Ke2
Qg2+ 41. Ke1 Qg3+ 42. Kf1 Qf3+ 43. Kg1 Qxe3+ 44. Kh2 Qd2+ 45. Kg3 Qe1+ 46. Kh2
Qd2+ 1/2-1/2

[Event "38th ECC Open 2023"]
[Site "Durres ALB"]
[Date "2023.10.05"]
[Round "5.11"]
[Board "3"]
[White "Willow, Jonah B"]
[Black "Bronstein, Or"]
[Result "1/2-1/2"]
[WhiteTitle "IM"]
[BlackTitle "IM"]
[WhiteElo "2425"]
[BlackElo "2433"]
[WhiteTeam "Wood Green"]
[BlackTeam "Rishon Lezion A"]
[WhiteFideId "438804"]
[BlackFideId "2815770"]
[EventDate "2023.10.01"]

1. e4 c5 2. Nf3 d6 3. d4 cxd4 4. Nxd4 Nf6 5. Nc3 a6 6. Bd3 g6 7. f3 e5 8. Nb3
Be6 9. O-O Nbd7 10. Kh1 Qc7 11. Qe2 Bg7 12. a4 O-O 13. a5 Rfe8 14. Ra4 Rac8 15.
Rd1 d5 16. exd5 Nxd5 17. Rc4 Nxc3 18. Rxc3 Qb8 19. Bc4 Bxc4 20. Rxc4 Nf6 21. Nc5
Red8 22. Bg5 Rxd1+ 23. Qxd1 Rd8 24. Qf1 Rd5 25. Bxf6 Bxf6 26. b4 Qc7 27. g3 Be7
28. Nb3 Qd7 29. Kg2 Kg7 30. Qe2 h5 31. h4 Qb5 32. c3 Qd7 33. Re4 Qd6 34. Qc2 f5
35. Re2 Bf6 36. Nc5 Be7 37. Nb3 e4 38. Nd4 exf3+ 39. Nxf3 Bf6 40. c4 Rd3 41. Re6
Qd7 42. Qe2 Rd6 43. Rxd6 Qxd6 44. b5 Kf7 45. Qe3 Qe6 46. Qd3 Ke7 47. Kf1 Qd6 48.
Qe3+ Kd7 49. Kf2 Kd8 50. Qa7 Kc8 51. bxa6 bxa6 52. Qa8+ Kc7 53. Qa7+ Kc8 54. Qf7
Bc3 55. Qe8+ Kb7 56. Qf7+ Kc6 57. Kg2 Bxa5 58. Qa7 Bb6 59. Qxa6 Kc7 60. Qa1 Qd3
61. Qe5+ Kc8 62. Qe6+ Kc7 63. Qe7+ Kc8 64. Qe8+ Kb7 65. Qc6+ Ka7 66. Qa4+ Kb8
67. Qe8+ Ka7 68. Qa4+ Kb8 69. Qe8+ 1/2-1/2

[Event "38th ECC Open 2023"]
[Site "Durres ALB"]
[Date "2023.10.05"]
[Round "5.11"]
[Board "4"]
[White "Sokolovsky, Yahli"]
[Black "Derakhshani, Borna"]
[Result "1-0"]
[WhiteTitle "IM"]
[BlackTitle "FM"]
[WhiteElo "2447"]
[BlackElo "2358"]
[WhiteTeam "Rishon Lezion A"]
[BlackTeam "Wood Green"]
[WhiteFideId "2820242"]
[BlackFideId "12518450"]
[EventDate "2023.10.01"]

1. e4 c5 2. Nf3 Nc6 3. Bb5 e6 4. Bxc6 bxc6 5. d3 Qc7 6. O-O e5 7. c3 d6 8. d4
cxd4 9. cxd4 Nf6 10. dxe5 dxe5 11. Nbd2 Ba6 12. Re1 Bc5 13. Nb3 Bb6 14. Be3 Rd8
15. Qc1 O-O 16. Nc5 Bc8 17. h3 Nd7 18. Qc3 Nxc5 19. Bxc5 Rfe8 20. Rac1 Re6 21.
Red1 Rde8 22. Rd2 h6 23. Rcd1 Bxc5 24. Qxc5 Qb6 25. Rc1 Kh7 26. b3 g5 27. Rd3
Qb8 28. Rcd1 Qb6 29. Qc3 Qc7 30. Nh2 Rg6 31. Qc5 Qb6 32. Qe3 Kg7 33. Qg3 Qa5 34.
R1d2 Ba6 35. Rd7 Bc8 36. R7d3 Ba6 37. Rc3 Qb4 38. Qe3 Bc8 39. Nf1 Rf6 40. Ng3
Kg6 41. Rdc2 Qb7 42. Qc1 Bd7 43. Qd1 Bc8 44. Rd3 Qc7 45. Rcd2 Kh7 46. Nh5 Rg6
47. Rd7 Bxd7 48. Rxd7 Qc8 49. Rxf7+ Kg8 50. Rd7 Rf8 51. Ng3 Rgf6 52. Nf5 Kh8 53.
Rxa7 Rxf5 54. exf5 Qxf5 55. f3 Rf7 56. Rxf7 Qxf7 57. Qd6 Qa7+ 58. Kh2 Kh7 59.
Qxc6 Qxa2 60. Qe4+ Kg7 61. Qxe5+ Kg6 62. Qd6+ Kg7 63. Qc7+ Kg6 64. b4 Qb2 65.
Qc6+ Kg7 66. Qd7+ Kg6 67. Qe8+ Kh7 68. b5 Qb4 69. Qe4+ 1-0

[Event "38th ECC Open 2023"]
[Site "Durres ALB"]
[Date "2023.10.05"]
[Round "5.11"]
[Board "5"]
[White "O'Donnell, Conor"]
[Black "Veinberg, Nimrod"]
[Result "1/2-1/2"]
[WhiteTitle "FM"]
[BlackTitle "IM"]
[WhiteElo "2308"]
[BlackElo "2402"]
[WhiteTeam "Wood Green"]
[BlackTeam "Rishon Lezion A"]
[WhiteFideId "2504243"]
[BlackFideId "2810280"]
[EventDate "2023.10.01"]

1. d4 Nf6 2. c4 e6 3. Nc3 Bb4 4. e3 O-O 5. Nf3 c5 6. Bd3 d5 7. cxd5 cxd4 8. exd4
exd5 9. O-O h6 10. Ne5 Nc6 11. Nxc6 bxc6 12. Bf4 Bg4 13. Qc2 Nh5 14. Be5 f6 15.
Bg3 Qb6 16. a3 Nxg3 17. hxg3 Bd6 18. Be2 Bxe2 19. Qxe2 Rae8 20. Qd2 f5 21. f4
Be7 22. Rad1 Qb3 23. Kh2 Bf6 24. Rf2 Re7 25. Re2 Rfe8 26. Rde1 Qb7 27. b4 Rxe2
28. Rxe2 Rxe2 29. Nxe2 Qa6 30. Qc2 Kf7 31. Kg1 Qxa3 32. Qxc6 Qxb4 33. Qxd5+ Kg6
34. Qe6 a5 35. g4 Qe1+ 36. Kh2 Qh4+ 37. Kg1 Qe1+ 38. Kh2 Qh4+ 39. Kg1 Qxg4 40.
d5 h5 41. d6 h4 42. Kf2 h3 43. gxh3 Qxh3 44. d7 Qd3 45. Qe8+ Kh7 46. Qh5+ Kg8
47. Qe8+ Kh7 48. Qh5+ Kg8 49. Qe8+ 1/2-1/2

[Event "38th ECC Open 2023"]
[Site "Durres ALB"]
[Date "2023.10.05"]
[Round "5.11"]
[Board "6"]
[White "Kaspi, Alexander"]
[Black "Stoyanov, Viktor"]
[Result "1/2-1/2"]
[WhiteTitle "IM"]
[WhiteElo "2382"]
[BlackElo "2304"]
[WhiteTeam "Rishon Lezion A"]
[BlackTeam "Wood Green"]
[WhiteFideId "2802910"]
[BlackFideId "450308"]
[EventDate "2023.10.01"]

1. c4 Nf6 2. Nc3 g6 3. e4 d6 4. d4 Bg7 5. f3 O-O 6. Be3 c5 7. Nge2 b6 8. Qd2 Ba6
9. b3 e6 10. d5 exd5 11. exd5 Nbd7 12. O-O-O Re8 13. Bh6 Ne5 14. Bxg7 Kxg7 15.
Ng3 h5 16. Qg5 Bc8 17. h3 Kh8 18. f4 Ned7 19. Bd3 Ng8 20. Qxd8 Rxd8 21. Nge4
Ndf6 22. Ng5 Kg7 23. Rde1 a6 24. a4 Ra7 25. Kd2 Nh6 26. Rb1 Bf5 27. Rhe1 Rdd7
28. b4 h4 29. bxc5 bxc5 30. Rb6 Nh5 31. Ne2 Re7 32. Reb1 Ra8 33. Rb7 Ra7 34.
Rxa7 Rxa7 35. a5 Bxd3 36. Kxd3 Nf5 37. Ne4 Nf6 38. Nxf6 Kxf6 39. Nc3 Ke7 40. Ne4
Kd7 41. Ng5 Ke7 42. Rb6 Kf6 43. Ne4+ Ke7 44. Ke2 Kd7 45. Kf3 Ke7 46. Kf2 Kd7 47.
Nc3 Ke7 48. Rb8 Kf6 49. Ne4+ Ke7 50. Ke2 Kd7 51. Nf6+ Ke7 52. Ng8+ Kd7 53. Rf8
Rb7 54. Rxf7+ Kc8 55. Rxb7 Kxb7 56. Nf6 Kc7 57. Ne4 Nd4+ 58. Kd3 Kd7 59. Nd2 Ke7
60. Ke3 Kf6 61. Ke4 Kf7 62. Nf3 Nf5 63. Ng5+ Kf6 64. Ne6 Ng3+ 65. Kd3 Nf5 66.
Nc7 Nd4 67. Kc3 Ne2+ 68. Kb3 Ke7 69. Ne6 Kf6 70. Kc2 Ng3 71. Kd3 Nf5 72. Ke4
Ng3+ 73. Ke3 Ke7 74. Kf3 Nf5 75. Kf2 Kf6 76. Kf3 Ke7 1/2-1/2

[Event "38th ECC Open 2023"]
[Site "Durres ALB"]
[Date "2023.10.05"]
[Round "5.12"]
[Board "1"]
[White "Nagy, Gabor1"]
[Black "Maksimovic, Bojan"]
[Result "0-1"]
[WhiteTitle "GM"]
[BlackTitle "IM"]
[WhiteElo "2439"]
[BlackElo "2502"]
[WhiteTeam "KSK Rochade"]
[BlackTeam "SK Zmaj"]
[WhiteFideId "737119"]
[BlackFideId "14408120"]
[EventDate "2023.10.01"]

1. c4 g6 2. Nc3 Bg7 3. g3 Nc6 4. Bg2 d6 5. d3 Nf6 6. e4 h5 7. h3 Nd4 8. Nge2 c5
9. Nxd4 cxd4 10. Nd5 Nh7 11. Bd2 e6 12. Nf4 h4 13. gxh4 Qxh4 14. Qa4+ Bd7 15.
Qb4 Be5 16. Ne2 b6 17. Rf1 g5 18. O-O-O Nf8 19. Ng1 Ng6 20. Nf3 Qh5 21. Bxg5
Bf4+ 22. Bxf4 Nxf4 23. Bh1 Qc5 24. Qd2 e5 25. b4 Qc7 26. Nxd4 Rxh3 27. Nf5 Rxd3
28. Qc2 Rc3 29. Nxd6+ Kf8 30. Qxc3 Ne2+ 31. Kb2 Nxc3 32. Kxc3 Ba4 33. Rd5 Rd8
34. Nf5 Rxd5 35. exd5 Bd7 36. Ne3 f5 37. Re1 e4 38. Kd4 Qd6 39. c5 bxc5+ 40.
bxc5 Qf6+ 41. Kc4 Qa6+ 42. Kd4 Qd3+ 43. Ke5 Qc3+ 44. Kd6 Be8 45. Rd1 Qg7 46.
Nxf5 Qf6+ 47. Kc7 Qxf5 48. c6 Qh5 49. f3 e3 50. d6 Qa5+ 51. Kb7 Qb6+ 52. Ka8
Bxc6# 0-1

[Event "38th ECC Open 2023"]
[Site "Durres ALB"]
[Date "2023.10.05"]
[Round "5.12"]
[Board "3"]
[White "Berczes, David"]
[Black "Gagunashvili, Merab"]
[Result "0-1"]
[WhiteTitle "GM"]
[BlackTitle "GM"]
[WhiteElo "2445"]
[BlackElo "2550"]
[WhiteTeam "KSK Rochade"]
[BlackTeam "SK Zmaj"]
[WhiteFideId "722960"]
[BlackFideId "13601652"]
[EventDate "2023.10.01"]

1. d4 d5 2. c4 c6 3. Nf3 Nf6 4. e3 Bf5 5. Nc3 e6 6. Nh4 Bg6 7. Be2 Nbd7 8. Nxg6
hxg6 9. Qb3 Qc7 10. g3 Be7 11. Bd2 Nb6 12. cxd5 exd5 13. O-O-O O-O 14. h4 c5 15.
Kb1 cxd4 16. exd4 Qd7 17. Ka1 Rac8 18. h5 gxh5 19. Bxh5 Nxh5 20. Rxh5 g6 21. Rh6
Bf6 22. Ne4 Bg7 23. Nc5 Qf5 24. Rh4 Qxf2 25. a3 Rfe8 26. Rf4 Qe2 27. Bc3 Re3 28.
Rdf1 Rc7 29. R4f2 Qc4 30. Qc2 Rce7 31. Qd2 f5 32. Rf3 Qe2 33. Qxe2 Rxe2 34. g4
fxg4 35. Rg3 Nc4 36. Rfg1 Ne3 37. Nd3 Re4 38. Ka2 b6 39. Nc1 Rf2 40. Nd3 Re2 41.
Nc1 Rf2 42. Nd3 Rf1 43. Rxf1 Nxf1 44. Rg1 Ne3 45. Nf2 Rf4 0-1

[Event "38th ECC Open 2023"]
[Site "Durres ALB"]
[Date "2023.10.05"]
[Round "5.12"]
[Board "4"]
[White "Pezelj, Novak"]
[Black "Harff, Marcel"]
[Result "1-0"]
[WhiteTitle "IM"]
[BlackTitle "FM"]
[WhiteElo "2476"]
[BlackElo "2295"]
[WhiteTeam "SK Zmaj"]
[BlackTeam "KSK Rochade"]
[WhiteFideId "927570"]
[BlackFideId "24621382"]
[EventDate "2023.10.01"]

1. d4 Nf6 2. c4 e6 3. Nf3 b6 4. g3 Bb7 5. Bg2 Be7 6. O-O O-O 7. Nc3 Ne4 8. Qc2
Nxc3 9. Qxc3 Be4 10. Rd1 c6 11. Bf1 d5 12. Bf4 Nd7 13. cxd5 cxd5 14. Rac1 Bxf3
15. exf3 a6 16. Qc6 Ra7 17. Bc7 Qc8 18. Bf4 Qxc6 19. Rxc6 g5 20. Be3 Rb8 21. f4
h6 22. f5 Nf8 23. fxe6 fxe6 24. Bh3 Kf7 25. f4 Bf6 26. Rf1 Kg7 27. fxg5 hxg5 28.
Bxe6 Re7 29. Bxd5 Nh7 30. Be6 Rbe8 31. d5 Nf8 32. Rxf6 Kxf6 33. Bd4+ 1-0

[Event "38th ECC Open 2023"]
[Site "Durres ALB"]
[Date "2023.10.05"]
[Round "5.12"]
[Board "6"]
[White "Sukovic, Andrej"]
[Black "Meessen, Rudolf"]
[Result "1/2-1/2"]
[WhiteTitle "FM"]
[BlackTitle "FM"]
[WhiteElo "2380"]
[BlackElo "2170"]
[WhiteTeam "SK Zmaj"]
[BlackTeam "KSK Rochade"]
[WhiteFideId "16502310"]
[BlackFideId "202029"]
[EventDate "2023.10.01"]

1. e4 d6 2. d4 Nf6 3. Nc3 e5 4. dxe5 dxe5 5. Qxd8+ Kxd8 6. Bc4 Bb4 7. Ne2 Nxe4
8. Bxf7 Rf8 9. Bh5 Bf5 10. O-O Nf6 11. Bg5 Nd7 12. Nd5 Bd6 13. Ne3 g6 14. Bg4
Bxg4 15. Nxg4 c6 16. f4 Kc7 17. Bxf6 Nxf6 18. Nxe5 Rae8 19. Nd4 Bxe5 20. fxe5
Rxe5 21. Rf2 Rd8 22. c3 Nd5 23. h3 Rde8 24. Kh2 c5 25. Nb5+ Kc6 26. c4 a6 27.
Rd1 axb5 28. cxd5+ Kd7 29. Rf6 Rd8 30. Kg3 Kc7 31. d6+ Kc6 32. d7+ Kc7 33. Rf7
h5 34. Rd2 b4 35. Kf4 Re6 36. Kg5 c4 37. Rf4 Rc6 38. Rc2 b5 39. b3 Rxd7 40. bxc4
Rdd6 41. Re4 Rc5+ 42. Kh6 1/2-1/2